000
00309nam a22001337a 4500
008
171004b xxu||||| |||| 00| 0 eng d
020
_a
9780670014873
041
_a
eng
080
_a
159.9
100
_a
48
101
_a
PSI
245
_a
THE SCIENCE OF HAND, HEART AND MIND
_c
LINDNE,.D.J
942
_2
udc
_c
BK
999
_c
31774
_d
31774